DIPOP O Direito na Cultura POP /

Detalles Bibliográficos
Autor principal: Gervasoni, Tassia
Formato: eBook
Lenguaje:portugués
Publicado: San Pablo: Letras Jurídicas Editora, 2016
Materias:
Acceso en línea:Acceso restringido

MARC

LEADER 00000nam a22000007a 4500
005 20200720222027.0
007 cr|||| ||||
008 200720s2016 br |||||s|||| 00||0 por d
020 |a 978-85-8248-085-4 
035 |a 31817 
040 |a vLex 
090 |c 10645  |d 10645 
100 1 |a Gervasoni, Tassia 
245 1 0 |a DIPOP  |h [Recurso electrn̤ico] :  |b O Direito na Cultura POP /  |c Tassia Gervasoni, Felipe da Veiga Dias 
256 |a Servicio en ln̕ea 
260 |a San Pablo:  |b Letras Jurídicas Editora,  |c 2016 
300 |a 1 recurso electrn̤ico 
500 |a "[...]Os trabalhos que seguem na obra, compartilham entre si caracters̕ticas que envolvem principalmente o cinema e a literatura como possv̕eis novos instrumentos para o ensino e a prt̀ica jurd̕ica; o dil̀ogo do direito com outras prt̀icas sociais; e a necessr̀ia superaȯ̂ de uma concepȯ̂ positivista do direito, que, de outra forma, colocaria abaixo perspectivas de debate interdisciplinar."[...] Lucas da Silva Tasquetto Pesquisador de ps̤-doutorado junto ao Programa de Ps̤-Graduaȯ̂ em Direito da Universidade Federal do Rio Grande do Sul (UFRGS). Doutor em Relaė̳s Internacionais pela Universidade de Sô Paulo (USP). 
506 1 |a Disponible solo en los productos indicados  |d vLex Global  |d vLex Global (Academic Edition, excluding Law Schools)  |d vLex Global (U.S. Academic Edition, Law Schools)  |d vLex Global (U.S. Academic Edition, excluding Law Schools)  |d vLex Global (Academic Edition, Law Schools) 
650 0 4 |a Propiedad Intelectual  |z Brasil 
740 0 |a vLex Libros (Servicio en ln̕ea) 
856 4 0 |u http://vlex.com/source/dipop-o-direito-na-cultura-pop-31817  |z Acceso restringido 
942 |c BOOK 
999 0 |a Intellectual property